[Event "World Senior Championship F50+/F65+"]
[Site "Katerini"]
[Date "2014.10.24"]
[Round "1.10"]
[White "Sand, Rosemarie"]
[Black "Titorenko, Natalia I"]
[Result "1-0"]
[WhiteElo "1651"]
[BlackElo "2123"]
[EventDate "2014.10.24"]

1. d4 {[%clk 1:30:55]} Nf6 {[%clk 1:30:51]} 2. c4 {[%clk 1:31:17]} g6
{[%clk 1:30:59]} 3. Nf3 {[%clk 1:31:33]} Bg7 {[%clk 1:31:01]} 4. g3
{[%clk 1:31:46]} d6 {[%clk 1:30:42]} 5. Bg2 {[%clk 1:31:56]} c6 {[%clk 1:30:45]}
6. Nc3 {[%clk 1:31:21]} O-O {[%clk 1:30:36]} 7. O-O {[%clk 1:30:21]} Qb6
{[%clk 1:25:57]} 8. Qc2 {[%clk 1:26:19]} Bg4 {[%clk 1:23:48]} 9. e3
{[%clk 1:23:30]} Bxf3 {[%clk 1:18:06]} 10. Bxf3 {[%clk 1:23:33]} Nbd7
{[%clk 1:18:33]} 11. Bg2 {[%clk 1:15:19]} Rac8 {[%clk 1:14:59]} 12. Rb1
{[%clk 1:13:11]} a5 {[%clk 1:11:45]} 13. b3 {[%clk 1:11:00]} Qa6 {[%clk 1:06:54]}
14. Bd2 {[%clk 0:56:57]} d5 {[%clk 0:55:07]} 15. c5 {[%clk 0:49:29]} b6
{[%clk 0:47:52]} 16. cxb6 {[%clk 0:45:12]} c5 {[%clk 0:43:58]} 17. Qd1
{[%clk 0:36:44]} Nxb6 {[%clk 0:43:08]} 18. Re1 {[%clk 0:34:03]} e6
{[%clk 0:35:29]} 19. Bf1 {[%clk 0:33:10]} c4 {[%clk 0:31:31]} 20. bxc4
{[%clk 0:31:03]} Nxc4 {[%clk 0:31:50]} 21. Na4 {[%clk 0:30:24]} Nd7
{[%clk 0:31:16]} 22. Bc3 {[%clk 0:22:36]} Rc7 {[%clk 0:07:08]} 23. Qb3
{[%clk 0:13:58]} Rb8 {[%clk 0:05:19]} 24. Qd1 {[%clk 0:13:20]} Rxb1
{[%clk 0:04:54]} 25. Qxb1 {[%clk 0:13:47]} Qc6 {[%clk 0:02:04]} 26. Qd1
{[%clk 0:10:40]} Bf8 {[%clk 0:01:53]} 27. Bd3 {[%clk 0:08:26]} Rb7
{[%clk 0:01:13]} 28. Ba1 {[%clk 0:07:23]} Rb4 {[%clk 0:01:30]} 29. Nc3
{[%clk 0:07:19]} Ndb6 {[%clk 0:01:37]} 30. h4 {[%clk 0:06:42]} Na4
{[%clk 0:01:47]} 31. Nxa4 {[%clk 0:06:06]} Rxa4 {[%clk 0:02:16]} 32. Qc2
{[%clk 0:05:29]} Qb6 {[%clk 0:02:23]} 33. Qxa4 {[%clk 0:05:27]} Bb4
{[%clk 0:02:35]} 34. Rb1 {[%clk 0:05:17]} Nd2 {[%clk 0:03:04]} 35. Rc1
{[%clk 0:04:20]} Qd6 {[%clk 0:02:55]} 36. Qc6 {[%clk 0:04:20]} Qe7
{[%clk 0:03:14]} 37. Qc7 {[%clk 0:04:06]} Qf6 {[%clk 0:03:35]} 38. Be2
{[%clk 0:03:34]} Ne4 {[%clk 0:02:27]} 39. Qf4 {[%clk 0:03:41]} Qd8
{[%clk 0:02:35]} 40. Bf3 {[%clk 0:33:09]} Bd6 {[%clk 0:32:55]} 41. Qg4
{[%clk 0:33:31]} h5 {[%clk 0:31:20]} 42. Qh3 {[%clk 0:33:08]} Nf6
{[%clk 0:30:57]} 43. Qf1 {[%clk 0:33:12]} Qb8 {[%clk 0:30:58]} 44. Qa6
{[%clk 0:32:22]} Kg7 {[%clk 0:30:42]} 45. Qd3 {[%clk 0:31:01]} Bxg3
{[%clk 0:28:12]} 46. Qf1 {[%clk 0:23:40]} Bxh4 {[%clk 0:28:16]} 47. Qg2
{[%clk 0:23:21]} Qb4 {[%clk 0:27:50]} 48. e4 {[%clk 0:21:52]} dxe4
{[%clk 0:27:20]} 49. Bxe4 {[%clk 0:21:42]} Ng4 {[%clk 0:11:19]} 50. Rf1
{[%clk 0:15:14]} Qd2 {[%clk 0:03:18]} 51. d5+ {[%clk 0:12:56]} e5
{[%clk 0:02:13]} 52. Bf3 {[%clk 0:11:53]} 1-0

[Event "World Senior Championship F50+/F65+"]
[Site "Katerini"]
[Date "2014.10.24"]
[Round "1.11"]
[White "Ankudinova, Yelena"]
[Black "Pelias, Marilyn"]
[Result "1-0"]
[WhiteElo "2121"]
[BlackElo "1613"]
[EventDate "2014.10.24"]

1. c4 {[%clk 1:30:35]} b6 {[%clk 1:30:20]} 2. Nc3 {[%clk 1:30:31]} Bb7
{[%clk 1:30:23]} 3. e4 {[%clk 1:28:47]} e6 {[%clk 1:29:38]} 4. Nge2
{[%clk 1:26:02]} Bb4 {[%clk 1:28:03]} 5. a3 {[%clk 1:26:03]} Be7 {[%clk 1:26:06]}
6. d4 {[%clk 1:25:06]} Nh6 {[%clk 1:25:12]} 7. Qc2 {[%clk 1:13:48]} d6
{[%clk 1:23:19]} 8. Bxh6 {[%clk 1:08:56]} gxh6 {[%clk 1:23:36]} 9. g3
{[%clk 1:08:43]} Nc6 {[%clk 1:19:39]} 10. O-O-O {[%clk 1:07:33]} Qd7
{[%clk 1:19:18]} 11. Bh3 {[%clk 1:04:18]} O-O-O {[%clk 1:19:04]} 12. d5
{[%clk 1:03:16]} Ne5 {[%clk 1:18:45]} 13. Nd4 {[%clk 0:59:16]} Kb8
{[%clk 1:00:29]} 14. dxe6 {[%clk 0:56:13]} Qc8 {[%clk 0:59:19]} 15. Nd5
{[%clk 0:54:25]} Bxd5 {[%clk 0:56:31]} 16. cxd5 {[%clk 0:53:13]} f6
{[%clk 0:54:59]} 17. f4 {[%clk 0:52:50]} c5 {[%clk 0:52:47]} 18. dxc6
{[%clk 0:44:59]} Ng6 {[%clk 0:36:52]} 19. Nb5 {[%clk 0:42:01]} Ka8
{[%clk 0:33:26]} 20. c7 {[%clk 0:41:38]} Rdg8 {[%clk 0:32:00]} 21. Bg2
{[%clk 0:41:55]} Ne5 {[%clk 0:27:18]} 22. fxe5 {[%clk 0:39:37]} Qxe6
{[%clk 0:27:00]} 23. Qc6# {[%clk 0:40:00]} 1-0

[Event "World Senior Championship F50+/F65+"]
[Site "Katerini"]
[Date "2014.10.25"]
[Round "2.1"]
[White "Melashvili, Nino"]
[Black "Gaprindashvili, Nona"]
[Result "0-1"]
[WhiteElo "2135"]
[BlackElo "2299"]
[EventDate "2014.10.24"]

1. Nf3 {[%clk 1:30:48]} g6 {[%clk 1:30:53]} 2. d4 {[%clk 1:31:02]} d6
{[%clk 1:31:14]} 3. Nc3 {[%clk 1:31:23]} Bg7 {[%clk 1:31:28]} 4. Bf4
{[%clk 1:31:42]} Nd7 {[%clk 1:31:24]} 5. Qd2 {[%clk 1:31:55]} e5 {[%clk 1:30:58]}
6. dxe5 {[%clk 1:31:26]} dxe5 {[%clk 1:31:18]} 7. Bg5 {[%clk 1:31:24]} f6
{[%clk 1:22:43]} 8. Be3 {[%clk 1:31:39]} Nf8 {[%clk 1:22:39]} 9. Qxd8+
{[%clk 1:26:42]} Kxd8 {[%clk 1:23:07]} 10. O-O-O+ {[%clk 1:26:43]} Bd7
{[%clk 1:23:35]} 11. Ne4 {[%clk 1:14:06]} Ne6 {[%clk 1:13:01]} 12. g3
{[%clk 1:08:50]} Ke8 {[%clk 1:12:16]} 13. Bh3 {[%clk 1:06:59]} f5
{[%clk 1:10:03]} 14. Nfg5 {[%clk 1:06:29]} Nxg5 {[%clk 1:09:41]} 15. Nxg5
{[%clk 1:06:31]} Nf6 {[%clk 1:07:01]} 16. f4 {[%clk 0:58:47]} e4 {[%clk 1:06:14]}
17. Bd4 {[%clk 0:59:01]} Rd8 {[%clk 1:05:31]} 18. Bg2 {[%clk 0:52:36]} h6
{[%clk 1:05:35]} 19. Nh3 {[%clk 0:52:14]} Kf7 {[%clk 0:50:57]} 20. Rd2
{[%clk 0:49:20]} Bc6 {[%clk 0:45:59]} 21. e3 {[%clk 0:18:42]} Ng4
{[%clk 0:45:50]} 22. Re1 {[%clk 0:12:17]} Bxd4 {[%clk 0:45:11]} 23. Rxd4
{[%clk 0:12:40]} Rxd4 {[%clk 0:45:12]} 24. exd4 {[%clk 0:13:07]} Nxh2
{[%clk 0:44:52]} 25. c4 {[%clk 0:12:41]} Ng4 {[%clk 0:44:43]} 26. d5
{[%clk 0:10:37]} Bd7 {[%clk 0:45:09]} 27. Re2 {[%clk 0:10:59]} c6
{[%clk 0:45:15]} 28. Nf2 {[%clk 0:11:00]} Nf6 {[%clk 0:42:02]} 29. dxc6
{[%clk 0:04:47]} Bxc6 {[%clk 0:42:30]} 30. Bh3 {[%clk 0:04:32]} Nh5
{[%clk 0:38:27]} 31. Re3 {[%clk 0:04:57]} Kf6 {[%clk 0:38:46]} 32. Kd2
{[%clk 0:03:52]} g5 {[%clk 0:34:58]} 33. fxg5+ {[%clk 0:03:22]} hxg5
{[%clk 0:33:27]} 34. Bxf5 {[%clk 0:02:57]} Kxf5 {[%clk 0:32:28]} 35. g4+
{[%clk 0:03:24]} Kf4 {[%clk 0:32:44]} 36. gxh5 {[%clk 0:03:41]} g4
{[%clk 0:33:03]} 37. Nh1 {[%clk 0:03:51]} Rxh5 {[%clk 0:33:16]} 38. Ng3
{[%clk 0:04:15]} Rh2+ {[%clk 0:33:30]} 39. Ne2+ {[%clk 0:04:44]} Kg5
{[%clk 0:32:41]} 40. b4 {[%clk 0:34:16]} a6 {[%clk 0:55:22]} 41. a4
{[%clk 0:27:44]} Bxa4 {[%clk 0:54:00]} 42. Rxe4 {[%clk 0:28:00]} Bc6
{[%clk 0:54:17]} 43. Re7 {[%clk 0:17:51]} Bf3 {[%clk 0:54:20]} 44. b5
{[%clk 0:18:18]} axb5 {[%clk 0:52:50]} 45. cxb5 {[%clk 0:18:47]} g3
{[%clk 0:43:17]} 46. Rg7+ {[%clk 0:18:12]} Kf6 {[%clk 0:42:38]} 47. Rxg3
{[%clk 0:18:35]} Bxe2 {[%clk 0:42:54]} 48. b6 {[%clk 0:18:37]} Bg4+
{[%clk 0:42:26]} 49. Kc3 {[%clk 0:18:57]} Rh3 {[%clk 0:42:51]} 0-1

[Event "World Senior Championship F50+/F65+"]
[Site "Katerini"]
[Date "2014.10.25"]
[Round "2.2"]
[White "Strutinskaia, Galina"]
[Black "Ankudinova, Yelena"]
[Result "1/2-1/2"]
[WhiteElo "2287"]
[BlackElo "2121"]
[EventDate "2014.10.24"]

1. c4 {[%clk 1:30:57]} c6 {[%clk 1:30:10]} 2. Nf3 {[%clk 1:31:08]} Nf6
{[%clk 1:30:30]} 3. Nc3 {[%clk 1:30:57]} d5 {[%clk 1:30:52]} 4. e3
{[%clk 1:31:13]} g6 {[%clk 1:30:54]} 5. b3 {[%clk 1:25:22]} Bg7 {[%clk 1:31:09]}
6. Bb2 {[%clk 1:25:41]} O-O {[%clk 1:27:42]} 7. Be2 {[%clk 1:24:51]} Bg4
{[%clk 1:25:03]} 8. O-O {[%clk 1:23:21]} Nbd7 {[%clk 1:20:40]} 9. d4
{[%clk 1:19:38]} e6 {[%clk 1:12:57]} 10. h3 {[%clk 1:19:48]} Bxf3
{[%clk 1:13:20]} 11. Bxf3 {[%clk 1:20:16]} Re8 {[%clk 1:12:52]} 12. Rc1
{[%clk 1:17:16]} a6 {[%clk 1:10:18]} 13. Re1 {[%clk 1:16:47]} Rc8
{[%clk 1:07:36]} 14. g3 {[%clk 1:12:22]} b5 {[%clk 1:05:01]} 15. cxd5
{[%clk 1:10:46]} cxd5 {[%clk 1:05:14]} 16. a4 {[%clk 1:05:39]} b4
{[%clk 1:04:41]} 1/2-1/2

[Event "World Senior Championship F50+/F65+"]
[Site "Katerini"]
[Date "2014.10.25"]
[Round "2.3"]
[White "Lauterbach, Ingrid"]
[Black "Saunina, Ludmila"]
[Result "1/2-1/2"]
[WhiteElo "2095"]
[BlackElo "2190"]
[EventDate "2014.10.24"]

1. e4 {[%clk 1:30:58]} b6 {[%clk 1:30:51]} 2. d4 {[%clk 1:25:58]} Bb7
{[%clk 1:31:15]} 3. Nd2 {[%clk 1:25:53]} g6 {[%clk 1:31:22]} 4. c3
{[%clk 1:25:13]} Bg7 {[%clk 1:31:41]} 5. Ngf3 {[%clk 1:21:31]} e6
{[%clk 1:31:54]} 6. a4 {[%clk 1:18:36]} a6 {[%clk 1:32:09]} 7. Bd3
{[%clk 1:16:50]} d6 {[%clk 1:27:58]} 8. O-O {[%clk 1:12:35]} Ne7 {[%clk 1:28:08]}
9. Qc2 {[%clk 1:08:49]} Nd7 {[%clk 1:28:02]} 10. Re1 {[%clk 1:02:05]} O-O
{[%clk 1:28:06]} 11. e5 {[%clk 0:59:17]} dxe5 {[%clk 1:21:17]} 12. Nxe5
{[%clk 0:55:23]} Nxe5 {[%clk 1:21:10]} 13. dxe5 {[%clk 0:55:03]} Qd7
{[%clk 1:11:56]} 14. Be4 {[%clk 0:53:29]} Bxe4 {[%clk 1:11:51]} 15. Qxe4
{[%clk 0:52:42]} Qd5 {[%clk 1:10:34]} 16. Qe2 {[%clk 0:49:39]} Rfd8
{[%clk 1:10:12]} 17. Nf3 {[%clk 0:48:20]} h6 {[%clk 1:08:27]} 18. Bf4
{[%clk 0:39:02]} Qd3 {[%clk 1:08:38]} 19. h3 {[%clk 0:37:19]} Qxe2
{[%clk 1:07:40]} 20. Rxe2 {[%clk 0:37:39]} g5 {[%clk 1:06:37]} 21. Bh2
{[%clk 0:36:58]} Rd5 {[%clk 1:06:52]} 22. c4 {[%clk 0:32:45]} Rd3
{[%clk 1:01:53]} 23. a5 {[%clk 0:26:38]} Nc6 {[%clk 1:00:22]} 24. axb6
{[%clk 0:26:17]} cxb6 {[%clk 1:00:49]} 25. Ne1 {[%clk 0:25:38]} Rd7
{[%clk 0:56:35]} 26. Kf1 {[%clk 0:24:49]} a5 {[%clk 0:52:15]} 27. b3
{[%clk 0:24:30]} Rad8 {[%clk 0:52:17]} 28. f4 {[%clk 0:22:52]} Rd2
{[%clk 0:46:33]} 29. Rxd2 {[%clk 0:19:54]} Rxd2 {[%clk 0:47:01]} 30. fxg5
{[%clk 0:20:18]} hxg5 {[%clk 0:46:19]} 31. Rb1 {[%clk 0:19:41]} Bxe5
{[%clk 0:31:11]} 32. Nf3 {[%clk 0:19:29]} Rb2 {[%clk 0:31:31]} 33. Rxb2
{[%clk 0:18:03]} Bxb2 {[%clk 0:31:36]} 34. Bg1 {[%clk 0:18:00]} f6
{[%clk 0:28:09]} 35. Bxb6 {[%clk 0:18:18]} Kf7 {[%clk 0:27:45]} 36. Ke2
{[%clk 0:17:22]} e5 {[%clk 0:27:40]} 37. g4 {[%clk 0:15:51]} Ke6 {[%clk 0:21:18]}
38. Kd3 {[%clk 0:13:13]} Ba3 {[%clk 0:21:07]} 39. h4 {[%clk 0:10:41]} gxh4
{[%clk 0:20:29]} 40. Nxh4 {[%clk 0:41:06]} Bb4 {[%clk 0:48:43]} 41. Nf5
{[%clk 0:41:05]} Be1 {[%clk 0:47:07]} 42. Ke2 {[%clk 0:38:36]} Bb4
{[%clk 0:44:43]} 1/2-1/2

[Event "World Senior Championship F50+/F65+"]
[Site "Katerini"]
[Date "2014.10.25"]
[Round "2.4"]
[White "Kasoshvili, Tsiala"]
[Black "Sand, Rosemarie"]
[Result "1-0"]
[WhiteElo "2161"]
[BlackElo "1651"]
[EventDate "2014.10.24"]

1. d4 {[%clk 1:30:59]} Nf6 {[%clk 1:30:45]} 2. Nf3 {[%clk 1:31:25]} g6
{[%clk 1:31:01]} 3. g3 {[%clk 1:31:49]} Bg7 {[%clk 1:31:20]} 4. c4
{[%clk 1:32:16]} d5 {[%clk 1:31:28]} 5. Bg2 {[%clk 1:30:29]} O-O {[%clk 1:30:40]}
6. Nbd2 {[%clk 1:30:10]} c6 {[%clk 1:28:54]} 7. O-O {[%clk 1:30:22]} Nbd7
{[%clk 1:27:21]} 8. b3 {[%clk 1:23:51]} Re8 {[%clk 1:24:10]} 9. Bb2
{[%clk 1:24:15]} Nf8 {[%clk 1:18:01]} 10. Re1 {[%clk 1:16:52]} Bf5
{[%clk 1:04:17]} 11. Ne5 {[%clk 1:16:08]} Rc8 {[%clk 0:52:08]} 12. Rc1
{[%clk 1:12:12]} h6 {[%clk 0:47:37]} 13. e3 {[%clk 0:55:31]} g5 {[%clk 0:34:33]}
14. Qe2 {[%clk 0:46:49]} e6 {[%clk 0:33:34]} 15. Nf1 {[%clk 0:31:28]} N8d7
{[%clk 0:33:00]} 16. g4 {[%clk 0:30:07]} Bh7 {[%clk 0:31:39]} 17. Nxd7
{[%clk 0:24:34]} Nxd7 {[%clk 0:30:17]} 18. Ng3 {[%clk 0:24:42]} Bg6
{[%clk 0:28:27]} 19. Qd2 {[%clk 0:17:28]} Nf6 {[%clk 0:25:35]} 20. h3
{[%clk 0:17:08]} Qd6 {[%clk 0:24:24]} 21. Qa5 {[%clk 0:15:30]} a6
{[%clk 0:24:14]} 22. Red1 {[%clk 0:13:38]} Qd8 {[%clk 0:21:10]} 23. Qd2
{[%clk 0:12:01]} Qe7 {[%clk 0:20:50]} 24. Qe2 {[%clk 0:11:38]} Nd7
{[%clk 0:19:51]} 25. Kh2 {[%clk 0:09:17]} Nf8 {[%clk 0:16:26]} 26. f4
{[%clk 0:07:34]} gxf4 {[%clk 0:13:28]} 27. exf4 {[%clk 0:08:04]} Qd7
{[%clk 0:12:37]} 28. c5 {[%clk 0:06:20]} Qc7 {[%clk 0:11:13]} 29. Qf2
{[%clk 0:06:37]} Nd7 {[%clk 0:10:31]} 30. Rf1 {[%clk 0:06:08]} f5
{[%clk 0:09:24]} 31. Kg1 {[%clk 0:03:05]} Rf8 {[%clk 0:09:25]} 32. Qe3
{[%clk 0:02:26]} Rce8 {[%clk 0:09:37]} 33. Rf2 {[%clk 0:02:22]} Nf6
{[%clk 0:08:57]} 34. Bf3 {[%clk 0:01:49]} Ne4 {[%clk 0:08:39]} 35. Bxe4
{[%clk 0:01:58]} fxe4 {[%clk 0:08:53]} 36. Rcf1 {[%clk 0:02:15]} Rf7
{[%clk 0:08:43]} 37. f5 {[%clk 0:01:50]} exf5 38. gxf5 Bh7 {[%clk 0:08:09]} 39.
f6 {[%clk 0:02:14]} Bf8 {[%clk 0:08:04]} 40. Rg2 {[%clk 0:31:10]} Kh8
{[%clk 0:38:09]} 41. Nh5 {[%clk 0:30:21]} Qd7 {[%clk 0:30:55]} 42. Bc1
{[%clk 0:28:21]} Rb8 {[%clk 0:27:25]} 43. Qg3 {[%clk 0:27:18]} Re8
{[%clk 0:27:19]} 44. Be3 {[%clk 0:22:36]} Qc7 {[%clk 0:25:06]} 45. Bf4
{[%clk 0:21:47]} Qd8 {[%clk 0:24:03]} 46. Be5 {[%clk 0:20:42]} Qd7
{[%clk 0:21:15]} 47. b4 {[%clk 0:20:25]} Ra8 {[%clk 0:19:47]} 48. Rf4
{[%clk 0:19:56]} b6 {[%clk 0:15:06]} 49. Kh2 {[%clk 0:14:16]} bxc5
{[%clk 0:14:26]} 50. bxc5 {[%clk 0:14:45]} Qe6 {[%clk 0:12:25]} 51. Rg4
{[%clk 0:14:03]} Bxc5 {[%clk 0:11:16]} 52. dxc5 {[%clk 0:13:01]} Re8
{[%clk 0:11:26]} 53. Bd4 {[%clk 0:12:48]} Qc8 {[%clk 0:10:56]} 54. Rg7
{[%clk 0:10:51]} Rg8 {[%clk 0:07:10]} 55. Qf4 {[%clk 0:08:16]} Qb7
{[%clk 0:04:05]} 56. Qxh6 {[%clk 0:06:04]} Qb8+ {[%clk 0:03:34]} 57. Kh1
{[%clk 0:05:36]} Rgxg7 {[%clk 0:01:34]} 58. fxg7+ {[%clk 0:05:39]} Kg8
{[%clk 0:01:26]} 59. Nf6+ {[%clk 0:06:00]} Rxf6 {[%clk 0:01:31]} 60. Qxf6
{[%clk 0:06:28]} e3 {[%clk 0:00:49]} 61. Qe6# {[%clk 0:06:43]} 1-0

[Event "World Senior Championship F50+/F65+"]
[Site "Katerini"]
[Date "2014.10.25"]
[Round "2.6"]
[White "Bogumil, Tatiana"]
[Black "Priedite, Ingrida"]
[Result "1/2-1/2"]
[WhiteElo "2149"]
[BlackElo "2225"]
[EventDate "2014.10.24"]

1. Nf3 {[%clk 1:30:11]} d5 {[%clk 1:30:41]} 2. c4 {[%clk 1:28:42]} c6
{[%clk 1:30:35]} 3. b3 {[%clk 1:28:42]} Bg4 {[%clk 1:30:06]} 4. Ne5
{[%clk 1:26:57]} Bh5 {[%clk 1:30:09]} 5. Bb2 {[%clk 1:24:33]} Nf6
{[%clk 1:29:45]} 6. g3 {[%clk 1:21:32]} e6 {[%clk 1:28:44]} 7. Bg2
{[%clk 1:21:37]} Be7 {[%clk 1:26:17]} 8. O-O {[%clk 1:21:56]} Nbd7
{[%clk 1:24:39]} 9. d4 {[%clk 1:19:53]} O-O {[%clk 1:22:32]} 10. Nd2
{[%clk 1:15:22]} Nxe5 {[%clk 1:15:08]} 11. dxe5 {[%clk 1:14:56]} Nd7
{[%clk 1:15:29]} 12. Rc1 {[%clk 1:08:53]} Rc8 {[%clk 1:07:48]} 13. Nf3
{[%clk 0:56:39]} dxc4 {[%clk 0:49:25]} 14. Rxc4 {[%clk 0:56:49]} Qc7
{[%clk 0:49:43]} 15. g4 {[%clk 0:49:18]} Bg6 {[%clk 0:48:20]} 16. h4
{[%clk 0:48:16]} h6 {[%clk 0:43:50]} 17. h5 {[%clk 0:45:10]} Bh7 {[%clk 0:44:10]}
18. Qc1 {[%clk 0:33:21]} Nb6 {[%clk 0:39:22]} 19. Rd4 {[%clk 0:32:05]} Rcd8
{[%clk 0:38:45]} 20. g5 {[%clk 0:29:51]} Rxd4 {[%clk 0:36:55]} 21. Bxd4
{[%clk 0:30:03]} hxg5 {[%clk 0:35:53]} 22. Nxg5 {[%clk 0:29:47]} Bxg5
{[%clk 0:35:13]} 23. Qxg5 {[%clk 0:30:12]} Qd8 {[%clk 0:35:30]} 24. Qxd8
{[%clk 0:22:20]} Rxd8 {[%clk 0:35:51]} 25. e3 {[%clk 0:22:37]} Bd3
{[%clk 0:33:38]} 26. Rc1 {[%clk 0:22:19]} Be2 {[%clk 0:28:10]} 27. f3
{[%clk 0:21:16]} Nc8 {[%clk 0:28:07]} 28. Kf2 {[%clk 0:21:33]} Ba6
{[%clk 0:23:59]} 29. Rc2 {[%clk 0:17:09]} Bd3 {[%clk 0:21:44]} 30. Rc3
{[%clk 0:16:05]} Ba6 {[%clk 0:21:41]} 31. f4 {[%clk 0:11:19]} Ne7
{[%clk 0:18:15]} 32. Rc2 {[%clk 0:08:44]} Nc8 {[%clk 0:17:40]} 33. Be4
{[%clk 0:09:00]} Nb6 {[%clk 0:15:30]} 34. Kf3 {[%clk 0:06:52]} Nd5
{[%clk 0:11:48]} 35. a3 {[%clk 0:06:20]} Nb6 {[%clk 0:10:57]} 36. f5
{[%clk 0:04:39]} Nd7 {[%clk 0:05:51]} 37. b4 {[%clk 0:03:20]} Bb5
{[%clk 0:04:11]} 38. Rg2 {[%clk 0:01:44]} Kh8 {[%clk 0:03:36]} 39. Kf4
{[%clk 0:01:49]} a6 {[%clk 0:03:04]} 40. Rh2 {[%clk 0:31:17]} Rg8
{[%clk 0:31:49]} 41. fxe6 {[%clk 0:23:58]} fxe6 {[%clk 0:32:01]} 42. Kg5
{[%clk 0:21:30]} Bc4 {[%clk 0:24:50]} 43. Bg6 {[%clk 0:21:33]} Rd8
{[%clk 0:16:14]} 44. h6 {[%clk 0:16:17]} Nf8 {[%clk 0:16:04]} 45. hxg7+
{[%clk 0:14:39]} Kxg7 {[%clk 0:16:24]} 46. Bc2 {[%clk 0:14:51]} Rd7
{[%clk 0:14:23]} 47. Bc5 {[%clk 0:13:53]} Rf7 {[%clk 0:14:24]} 48. Bxf8+
{[%clk 0:06:09]} Kxf8 {[%clk 0:14:32]} 49. Bg6 {[%clk 0:05:33]} Rf1
{[%clk 0:11:46]} 50. Rh8+ {[%clk 0:05:48]} Kg7 {[%clk 0:07:49]} 51. Rh7+
{[%clk 0:06:13]} Kf8 {[%clk 0:08:12]} 52. Rh8+ {[%clk 0:05:14]} Kg7
{[%clk 0:08:33]} 53. Rh7+ {[%clk 0:05:40]} Kf8 {[%clk 0:08:57]} 54. Rh4
{[%clk 0:05:40]} Bb3 {[%clk 0:05:37]} 55. Rf4+ {[%clk 0:05:42]} Rxf4
{[%clk 0:06:01]} 56. exf4 {[%clk 0:06:05]} Ke7 {[%clk 0:05:42]} 57. Be4
{[%clk 0:06:04]} Ba4 {[%clk 0:04:52]} 58. Kg4 {[%clk 0:05:31]} b6
{[%clk 0:05:08]} 59. Kf3 {[%clk 0:05:33]} c5 {[%clk 0:05:22]} 60. bxc5
{[%clk 0:05:31]} bxc5 {[%clk 0:05:46]} 61. Ke3 {[%clk 0:05:45]} Bb5
{[%clk 0:05:48]} 62. Kd2 {[%clk 0:05:54]} Kd7 {[%clk 0:05:11]} 63. Kc3
{[%clk 0:06:15]} Kc7 {[%clk 0:05:22]} 64. Bf3 {[%clk 0:05:33]} Kb6
{[%clk 0:05:24]} 65. Bd1 {[%clk 0:05:08]} Bc6 {[%clk 0:05:17]} 66. Bc2
{[%clk 0:05:08]} Bd7 {[%clk 0:05:32]} 67. Bg6 {[%clk 0:05:06]} Bb5
{[%clk 0:05:13]} 68. f5 {[%clk 0:05:10]} exf5 {[%clk 0:03:24]} 69. Bxf5
{[%clk 0:05:01]} Be8 {[%clk 0:03:37]} 70. Be6 {[%clk 0:04:29]} Kc6
{[%clk 0:02:34]} 71. Bc4 {[%clk 0:02:57]} a5 {[%clk 0:02:43]} 72. Bb3
{[%clk 0:03:12]} Bh5 {[%clk 0:02:55]} 73. Bg8 {[%clk 0:03:19]} Bg4
{[%clk 0:02:17]} 74. Bf7 {[%clk 0:03:24]} Kd7 {[%clk 0:01:37]} 75. Bc4
{[%clk 0:02:01]} Be6 {[%clk 0:01:52]} 76. Bb5+ {[%clk 0:02:22]} Kc7
{[%clk 0:02:10]} 77. Kd3 {[%clk 0:02:09]} Bf5+ {[%clk 0:02:09]} 78. Ke3
{[%clk 0:02:26]} Be6 {[%clk 0:02:32]} 79. Ke4 {[%clk 0:02:16]} Kb6
{[%clk 0:02:40]} 80. Be8 {[%clk 0:02:32]} Kc7 {[%clk 0:02:46]} 81. Kf4
{[%clk 0:02:05]} Kb6 {[%clk 0:02:45]} 82. Kg5 {[%clk 0:02:06]} c4
{[%clk 0:02:58]} 83. Kf6 {[%clk 0:01:50]} c3 {[%clk 0:03:02]} 84. Ba4
{[%clk 0:01:50]} Bd7 {[%clk 0:02:37]} 85. Bc2 {[%clk 0:02:04]} Kc5
{[%clk 0:02:29]} 86. e6 {[%clk 0:02:12]} Bc6 {[%clk 0:02:25]} 87. Ke5
{[%clk 0:01:32]} Be8 {[%clk 0:01:46]} 88. e7 {[%clk 0:01:30]} Kc4
{[%clk 0:00:46]} 89. Kd6 {[%clk 0:00:55]} Kd4 {[%clk 0:00:44]} 90. Kc7
{[%clk 0:00:34]} Ke3 {[%clk 0:00:46]} 91. Kb6 {[%clk 0:00:35]} Kd2
{[%clk 0:00:43]} 92. Be4 {[%clk 0:00:50]} c2 {[%clk 0:00:49]} 93. Bxc2
{[%clk 0:01:11]} Kxc2 {[%clk 0:01:13]} 94. Kxa5 {[%clk 0:01:36]} Kb3
{[%clk 0:01:37]} 1/2-1/2

[Event "World Senior Championship F50+/F65+"]
[Site "Katerini"]
[Date "2014.10.25"]
[Round "2.7"]
[White "Fatalibekova, Elena"]
[Black "Kabanova, Irina"]
[Result "1-0"]
[WhiteElo "2215"]
[BlackElo "1933"]
[EventDate "2014.10.24"]

1. d4 {[%clk 1:30:56]} Nf6 {[%clk 1:30:52]} 2. Nf3 {[%clk 1:31:21]} e6
{[%clk 1:31:06]} 3. g3 {[%clk 1:31:43]} d5 {[%clk 1:30:14]} 4. Bg2
{[%clk 1:30:32]} c5 {[%clk 1:29:08]} 5. c4 {[%clk 1:28:55]} h6 {[%clk 1:26:35]}
6. cxd5 {[%clk 1:26:55]} exd5 {[%clk 1:26:23]} 7. O-O {[%clk 1:26:21]} Nc6
{[%clk 1:24:58]} 8. b3 {[%clk 1:22:58]} Be7 {[%clk 1:21:36]} 9. Bb2
{[%clk 1:23:09]} Be6 {[%clk 1:21:26]} 10. Nc3 {[%clk 1:16:31]} O-O
{[%clk 1:21:17]} 11. dxc5 {[%clk 1:15:10]} Bxc5 {[%clk 1:21:03]} 12. Rc1
{[%clk 1:08:46]} Be7 {[%clk 1:14:12]} 13. Nd4 {[%clk 0:58:12]} Qd7
{[%clk 1:11:04]} 14. Nxe6 {[%clk 0:47:39]} fxe6 {[%clk 1:10:49]} 15. Na4
{[%clk 0:45:39]} b6 {[%clk 0:57:08]} 16. e4 {[%clk 0:36:36]} Rad8
{[%clk 0:56:39]} 17. e5 {[%clk 0:36:32]} Nh7 {[%clk 0:51:32]} 18. f4
{[%clk 0:34:49]} Rc8 {[%clk 0:47:08]} 19. f5 {[%clk 0:33:11]} Kh8
{[%clk 0:41:21]} 20. fxe6 {[%clk 0:13:37]} Qxe6 {[%clk 0:41:31]} 21. Qxd5
{[%clk 0:13:43]} Rxf1+ {[%clk 0:40:00]} 22. Rxf1 {[%clk 0:13:33]} Qxd5
{[%clk 0:39:39]} 23. Bxd5 {[%clk 0:14:00]} Nb4 {[%clk 0:39:37]} 24. Bc4
{[%clk 0:11:15]} a6 {[%clk 0:27:59]} 25. Rf7 {[%clk 0:09:34]} Bg5
{[%clk 0:26:20]} 26. e6 {[%clk 0:06:32]} Nf6 {[%clk 0:21:02]} 27. e7
{[%clk 0:05:45]} Re8 {[%clk 0:17:06]} 28. Bxf6 {[%clk 0:05:50]} 1-0